[Event "Mechanics' Winter TNM; 30/90, SD/30"]
[Site "San Francisco"]
[Date "2015.01.20"]
[Round "3.26"]
[White "Eastham, Asher"]
[Black "Palmeri, Ralph"]
[Result "1-0"]
[WhiteElo "1471"]
[BlackElo "1708"]
[Annotator "Donaldson"]
[PlyCount "121"]
[EventDate "2015.??.??"]

1. e4 c5 2. Nf3 e6 3. d4 cxd4 4. Nxd4 Nf6 5. Nc3 d6 6. Be2 Nc6 7. Bg5 (7. Be3)
7... a6 8. Qd2 Be7 9. O-O-O Bd7 10. Bxf6 gxf6 11. Kb1 Qa5 (11... b5) 12. Nb3
Qg5 13. g3 Qxd2 14. Rxd2 Ne5 (14... Rc8) 15. f4 Ng6 16. Rhd1 b5 17. Na5 $4 b4
18. f5 {Diagram #} Ne5 $4 (18... bxc3) 19. fxe6 fxe6 20. Bh5+ Kf8 21. Ne2 Ra7
22. Nb3 Rg8 23. Nf4 Ng6 24. Nc5 $2 Kf7 25. Nxd7 Rxd7 26. Rf2 Bd8 27. e5 d5 28.
exf6 a5 (28... Bxf6 29. Nd3 $18) 29. Re1 Rd6 30. Nd3 Bb6 31. Rf3 Bd4 32. g4 e5
33. Nxe5+ Bxe5 34. Rxe5 Rxf6 35. Rxf6+ Kxf6 36. Rf5+ (36. Rxd5) 36... Ke6 37.
Bxg6 hxg6 38. Rf3 Ke5 39. a3 Rb8 40. h4 Rb6 41. h5 gxh5 42. gxh5 d4 43. axb4
axb4 44. b3 Ke4 45. Rh3 Rh6 46. Kc1 Kf4 47. Kd2 Ke4 48. Ke2 (48. Rh4+ Ke5 49.
Kd3) 48... Ke5 49. Rh4 Rc6 50. Kd2 Rh6 51. Kd3 Rc6 52. Re4+ Kf5 53. Rxd4 Rb6
54. c3 bxc3 55. Kxc3 Kg5 56. Rd5+ Kh6 57. Kc4 Kg7 58. b4 Kf6 59. Kc5 Rb8 60.
Rd6+ Ke7 61. h6 1-0

[Event "Mechanics' Fall TNM; G/2"]
[Site "San Francisco"]
[Date "2015.11.17"]
[Round "5.14"]
[White "Eastham, Asher"]
[Black "Paquette, James"]
[Result "0-1"]
[WhiteElo "1462"]
[BlackElo "1620"]
[PlyCount "74"]
[EventDate "2015.??.??"]

1. e4 g6 2. d4 Bg7 3. Nf3 c5 4. c3 Qa5 5. Be3 d6 6. Bc4 Nf6 7. Nbd2 cxd4 8.
Bxd4 Nc6 9. Be3 O-O 10. O-O Ne5 11. Nxe5 Qxe5 12. Bd4 Qa5 13. Re1 e5 14. Be3
Be6 15. Bb3 d5 16. f3 Rfd8 17. Qc2 Rac8 18. exd5 Nxd5 19. Bg5 Qb6+ 20. Kh1 f6
21. Bh4 Nf4 22. Ne4 Bxb3 23. Qxb3+ Qxb3 24. axb3 g5 25. Bg3 a6 26. Bxf4 gxf4
27. Red1 Rxd1+ 28. Rxd1 Rc6 29. Rd6 Rxd6 30. Nxd6 b6 31. g3 fxg3 32. hxg3 Bf8
33. Ne8 Kf7 34. Nc7 a5 35. Nd5 Bc5 36. Kg2 Ke6 37. c4 f5 0-1

[Event "Mechanics' Winter TNM; 30/90, SD/30"]
[Site "San Francisco"]
[Date "2015.01.06"]
[Round "1.24"]
[White "Eastham, Asher"]
[Black "Poling, Scott"]
[Result "0-1"]
[WhiteElo "1471"]
[BlackElo "1910"]
[Annotator "Donaldson"]
[PlyCount "62"]
[EventDate "2015.??.??"]

1. e4 e6 2. d4 d5 3. Nd2 Nf6 4. e5 Nfd7 5. f4 c5 6. c3 Nc6 7. Ndf3 Qb6 8. Ne2
Be7 9. Qc2 $6 (9. g3 O-O 10. Bh3 {to discourage ...f7-f6.} cxd4 11. cxd4 f6 {
is a well-tested line that leads to sharp play offering chances for both sides.
}) 9... O-O 10. Be3 f6 11. Ng3 cxd4 12. cxd4 fxe5 13. fxe5 {Diagram #} Ndxe5 $1
{A thematic combination in such positions.} 14. Be2 Nxf3+ 15. Bxf3 Bb4+ 16. Kf2
Bd7 17. Rhd1 Rac8 18. Qd3 Na5 19. Kg1 Bb5 20. Qb1 Nc4 21. Bg5 h6 22. Bxh6 Bd2
$1 23. Qg6 ({Or} 23. Bxd2 Qxd4+ 24. Kh1 Nxd2 25. Qg6 Rf6 {winning.}) 23... Bxh6
24. Kh1 Rf6 25. Qh5 Be8 26. Qh3 Qd6 27. Re1 Nd2 28. Bg4 Bd7 29. b3 Rcf8 30.
Rad1 Ne4 31. Kg1 Nf2 0-1

[Event "Mechanics' Spring TNM; G/2"]
[Site "San Francisco"]
[Date "2015.03.24"]
[Round "2.39"]
[White "Eastham, Asher"]
[Black "Ross, David"]
[Result "0-1"]
[WhiteElo "1289"]
[BlackElo "1519"]
[PlyCount "68"]
[EventDate "2015.??.??"]

1. e4 c5 2. c3 Nf6 3. e5 Nd5 4. d4 cxd4 5. cxd4 e6 6. Nf3 d6 7. Bc4 Nc6 8. Nc3
Nxc3 9. bxc3 dxe5 10. O-O exd4 11. cxd4 Be7 12. d5 exd5 13. Bxd5 O-O 14. Re1
Nb4 15. Bb3 Qxd1 16. Rxd1 Bg4 17. Bb2 Bxf3 18. gxf3 Bf6 19. Bxf6 gxf6 20. Rd7
Rab8 21. Kh1 Nc6 22. Rg1+ Kh8 23. Rxf7 Rxf7 24. Bxf7 Ne5 25. Bd5 Ng6 26. Rb1 b6
27. Kg1 Rd8 28. Bb3 Ne5 29. Kg2 Rd7 30. Rc1 Kg7 31. Kg3 Kh6 32. f4 Rg7+ 33. Kh3
{Diagram #} Nd3 $1 34. Rc2 Kh5 0-1

[Event "Mechanics' Winter TNM; 30/90, SD/30"]
[Site "San Francisco"]
[Date "2015.02.03"]
[Round "5.19"]
[White "Eastham, Asher"]
[Black "Tsodikova, Natalya"]
[Result "0-1"]
[WhiteElo "1471"]
[BlackElo "2170"]
[PlyCount "70"]
[EventDate "2015.??.??"]

1. e4 e5 2. Nf3 Nc6 3. Bc4 Nf6 4. d3 Bc5 5. c3 d6 6. b4 Bb6 7. a4 a5 8. b5 Ne7
9. Be3 Bxe3 10. fxe3 O-O 11. O-O c6 12. Nbd2 d5 13. Bb3 Ng6 14. Qe1 dxe4 15.
Nxe4 Nxe4 16. dxe4 cxb5 17. axb5 Qe7 18. Bd5 Be6 19. c4 a4 20. Qc3 Rfc8 21.
Nxe5 Bxd5 22. Nxg6 Qxe4 23. Nf4 Bxc4 24. Rfc1 f6 25. Rc2 Be6 26. Qd3 Qxd3 27.
Rxc8+ Rxc8 28. Nxd3 Bb3 29. Kf2 Kf7 30. Kg3 Rc3 31. Nb2 Rxe3+ 32. Kf4 Rc3 33.
Ke4 Rc5 34. Kd4 Rxb5 35. Nxa4 Rb4+ 0-1

[Event "Mechanics' Fall TNM; G/2"]
[Site "San Francisco"]
[Date "2015.12.01"]
[Round "7.26"]
[White "Eastham, Asher Dan"]
[Black "Allen, Tom"]
[Result "1-0"]
[WhiteElo "1462"]
[BlackElo "1560"]
[PlyCount "83"]
[EventDate "2015.??.??"]

1. e4 e5 2. Nf3 Nc6 3. Bc4 Nf6 4. d3 Bb4+ 5. c3 Be7 6. O-O d6 7. Re1 Bg4 8. h3
Bh5 9. Nbd2 Qd7 10. Bb5 a6 11. Ba4 b5 12. Bc2 a5 13. Nf1 d5 14. Ng3 dxe4 15.
Nxh5 exf3 16. Nxg7+ Kd8 17. Qxf3 Rg8 18. Nf5 Qd5 19. Qxd5+ Nxd5 20. Bb3 Nf4 21.
Bxf4 exf4 22. Nxe7 Nxe7 23. Bxf7 Rg7 24. Bb3 Ra6 25. Re6 c6 26. Rae1 a4 27. Bd1
Ra7 28. a3 Rd7 29. d4 Ng6 30. Bg4 Rge7 31. Kf1 Kc7 32. Rxe7 Rxe7 33. Rxe7+ Nxe7
34. Ke2 Kd6 35. Bf3 Nc8 36. Be4 h6 37. g4 Nb6 38. Bd3 Kd5 39. h4 Nc4 40. Bxc4+
Kxc4 41. g5 hxg5 42. h5 1-0

[Event "Mechanics' Summer TNM; G/2"]
[Site "San Francisco"]
[Date "2015.06.30"]
[Round "6.33"]
[White "Eastham, Asher Dan"]
[Black "Campers Jr, Willie"]
[Result "0-1"]
[WhiteElo "1433"]
[BlackElo "1806"]
[PlyCount "64"]
[EventDate "2015.??.??"]

1. e4 c5 2. Nf3 d6 3. d4 cxd4 4. Nxd4 Nc6 5. c4 Bd7 6. Nc3 a6 7. Be2 Nf6 8. O-O
Rc8 9. Be3 Ne5 10. b3 e6 11. f4 Ng6 12. Qd2 e5 13. Nf3 Ng4 14. fxe5 Nxe3 15.
Qxe3 dxe5 16. Kh1 Bc5 17. Qd2 O-O 18. Rad1 Rc7 19. Qb2 Qc8 20. Nd5 Rc6 21. Nxe5
Nxe5 22. Qxe5 Re8 23. Qg5 Rg6 24. Qf4 Be6 25. Bh5 Rh6 26. Bxf7+ Bxf7 27. Qxf7+
Kh8 28. Qf5 Qb8 29. g3 Qxg3 30. Rd2 Qb8 31. Rg2 Rf8 32. Qg4 Rxf1+ 0-1

[Event "Mechanics' Fall TNM; G/2"]
[Site "San Francisco"]
[Date "2015.11.03"]
[Round "3.21"]
[White "Eastham, Asher Dan"]
[Black "Delaney, Will Fred"]
[Result "1/2-1/2"]
[WhiteElo "1462"]
[BlackElo "1800"]
[PlyCount "121"]
[EventDate "2015.??.??"]

1. e4 c5 2. Nf3 Nc6 3. d4 cxd4 4. Nxd4 Nf6 5. Nc3 g6 6. Be3 Bg7 7. f3 Qc7 8.
Ndb5 Qb8 9. Qd2 a6 10. Nd4 Nxd4 11. Bxd4 b5 12. Nd5 Qd6 13. Nxf6+ Bxf6 14. Bxf6
Qxf6 15. O-O-O d6 16. Qd4 Qxd4 17. Rxd4 Be6 18. h4 h5 19. g3 O-O 20. b3 Rac8
21. Bh3 Bxh3 22. Rxh3 Rc3 23. Rd3 Rfc8 24. Rxc3 Rxc3 25. f4 Re3 26. e5 dxe5 27.
fxe5 Rxe5 28. Rh2 Re1+ 29. Kd2 Rg1 30. Re2 e6 31. Re3 Kf8 32. a3 Ke7 33. c4
bxc4 34. bxc4 Kd6 35. Kc3 a5 36. Kd4 e5+ 37. Kc3 e4 38. Kd4 f5 39. c5+ Ke6 40.
Rc3 Rd1+ 41. Ke3 Rd8 42. c6 Kd6 43. Kd4 Rc8 44. Rc5 Rxc6 45. Rxa5 Ke6 46. a4
Rd6+ 47. Ke3 Rd3+ 48. Kf2 Rf3+ 49. Kg2 Ra3 50. Ra6+ Kf7 51. Ra7+ Kf6 52. Ra6+
Kg7 53. Ra7+ Kh6 54. Kf2 Ra2+ 55. Ke3 Rg2 56. Kf4 e3 57. Kf3 Rg1 58. Re7 Ra1
59. Ra7 Ra3 60. Ke2 f4 61. gxf4 {Remaining moves unavailable.} 1/2-1/2

[Event "Mechanics' Fall TNM; G/2"]
[Site "San Francisco"]
[Date "2015.10.27"]
[Round "2.11"]
[White "Eastham, Asher Dan"]
[Black "Gaffagan, Steven"]
[Result "0-1"]
[WhiteElo "1462"]
[BlackElo "2066"]
[PlyCount "72"]
[EventDate "2015.??.??"]

1. e4 c5 2. Nf3 e6 3. d4 cxd4 4. Nxd4 d6 5. Nc3 a6 6. Be3 Nf6 7. Be2 Be7 8. O-O
Qc7 9. Qd2 Nc6 10. Rad1 O-O 11. f4 Bd7 12. f5 Rac8 13. Nb3 b5 14. a3 Ne5 15.
Bg5 Nc4 16. Bxc4 bxc4 17. Bxf6 Bxf6 18. Nd4 Qb6 19. Kh1 Qxb2 20. Rb1 Qxa3 21.
Rb7 Qc5 22. Rd1 Rc7 23. Rb2 Re8 24. fxe6 fxe6 25. Nde2 Rf8 26. Ra2 Be5 27. Rxa6
Bc6 28. Raa1 Rcf7 29. Qg5 h6 30. Qg4 Rf6 31. Rab1 h5 32. Qh3 h4 33. Qg4 Bd7 34.
Rg1 Bc8 35. Rb5 Qe3 36. Qh3 Qxh3 0-1

[Event "Mechanics' Leighton Allen TNM; G/2"]
[Site "San Francisco"]
[Date "2015.08.25"]
[Round "4.27"]
[White "Eastham, Asher Dan"]
[Black "Lagrotta, Daniel S"]
[Result "0-1"]
[WhiteElo "1462"]
[BlackElo "1665"]
[Annotator "Donaldson"]
[PlyCount "108"]
[EventDate "2015.??.??"]

1. e4 c5 2. Nf3 d6 3. d4 cxd4 4. Nxd4 a6 5. c4 g6 6. Nc3 Bg7 7. Be3 Nf6 8. Be2
Nc6 9. O-O O-O 10. Qd2 Ng4 11. Bxg4 Bxg4 12. f3 Bd7 13. Rac1 Rc8 14. Rfd1 Nxd4
15. Bxd4 Rxc4 16. Bxg7 Kxg7 17. b3 Rc8 18. e5 Bc6 19. exd6 Qxd6 20. Qb2 Qf6 21.
Rc2 Kg8 22. Qc1 Rfd8 23. Ne4 Rxd1+ 24. Qxd1 Qe6 25. Re2 Bxe4 26. Rxe4 Qb6+ 27.
Kh1 (27. Qd4) 27... Rd8 28. Qc2 Qc6 29. Rc4 Qd5 30. Kg1 Qe5 31. Qc1 b5 32. Rc6
Qe2 33. Rc8 Rxc8 34. Qxc8+ Kg7 35. Qc3+ e5 36. Qa1 h5 37. a3 f6 38. Qc1 g5 39.
b4 h4 40. h3 Qd3 41. Qa1 Qd4+ 42. Qxd4 exd4 43. Kf2 Kg6 44. Ke2 Kf5 45. Kd3 Ke5
46. Ke2 Kd5 47. Kd3 f5 48. Kd2 Kc4 49. Kc2 d3+ 50. Kd2 Kd4 51. Kd1 Ke3 52. Ke1
d2+ 53. Kd1 Kd3 54. f4 gxf4 0-1

[Event "Mechanics' Leighton Allen TNM; G/2"]
[Site "San Francisco"]
[Date "2015.09.15"]
[Round "7.31"]
[White "Eastham, Asher Dan"]
[Black "Liang, Ting"]
[Result "0-1"]
[WhiteElo "1462"]
[BlackElo "1430"]
[PlyCount "70"]
[EventDate "2015.??.??"]

1. e4 e6 2. d4 d5 3. Nd2 c5 4. c3 Nc6 5. exd5 exd5 6. Ndf3 Bg4 7. Be3 cxd4 8.
cxd4 Bb4+ 9. Bd2 Qa5 10. Be2 Nf6 11. a3 Bxd2+ 12. Qxd2 Qxd2+ 13. Kxd2 Ne4+ 14.
Ke1 O-O 15. Ne5 Bxe2 16. Nxe2 Rfe8 17. Nxc6 bxc6 18. f3 Ng5 19. Kd2 Rab8 20. b4
a5 21. Rab1 axb4 22. axb4 Re7 23. Rhe1 Ne6 24. h4 h6 25. g4 Reb7 26. Kc3 c5 27.
dxc5 Nxc5 28. Nf4 Na4+ 29. Kc2 d4 30. Nd3 Nc3 31. Nc5 Rb5 32. Rb3 Nd5 33. Re4
Nxb4+ 34. Kd2 Rxc5 35. Rxd4 Rcb5 0-1

[Event "Mechanics' Leighton Allen TNM; G/2"]
[Site "San Francisco"]
[Date "2015.09.22"]
[Round "8.33"]
[White "Eastham, Asher Dan"]
[Black "Nassif, Wassim J"]
[Result "0-1"]
[WhiteElo "1462"]
[BlackElo "1217"]
[PlyCount "84"]
[EventDate "2015.??.??"]

1. e4 e5 2. Nf3 Nc6 3. Bc4 Nf6 4. c3 Nxe4 5. Bd5 Nf6 6. Bxc6 bxc6 7. Nxe5 Qe7
8. Qe2 Bb7 9. d4 d6 10. Nd3 Qxe2+ 11. Kxe2 Ba6 12. Bf4 Nd5 13. Bg3 Be7 14. Rd1
O-O 15. Ke1 Bg5 16. f4 Rfe8+ 17. Kf2 Bh6 18. Nb4 Re2+ 19. Kg1 Nxb4 20. cxb4
Rxb2 21. a3 Re2 22. Nc3 Re3 23. b5 Bxb5 24. Nxb5 cxb5 25. Re1 Ree8 26. Kf2 g6
27. Rac1 Rxe1 28. Rxe1 Bg7 29. d5 Kf8 30. Kf3 f5 31. Re2 a5 32. Rc2 Rc8 33. Be1
a4 34. Bb4 Ke7 35. h3 Bd4 36. g4 Bb6 37. Re2+ Kd7 38. Re1 Re8 39. Re2 Rxe2 40.
Kxe2 c5 41. dxc6+ Kxc6 42. Kd3 Bc5 0-1

[Event "Mechanics' Summer TNM; G/2"]
[Site "San Francisco"]
[Date "2015.06.16"]
[Round "4.15"]
[White "Eastham, Asher Dan"]
[Black "Royzen, Igor"]
[Result "0-1"]
[WhiteElo "1433"]
[BlackElo "1878"]
[PlyCount "60"]
[EventDate "2015.??.??"]

1. e4 c5 2. c3 Nf6 3. d3 d5 4. e5 Ng8 5. d4 Nc6 6. Nf3 Bg4 7. Be2 e6 8. h3 Bxf3
9. Bxf3 Nge7 10. Bg5 Qb6 11. Qb3 cxd4 12. Qxb6 axb6 13. cxd4 Nxd4 14. Bd1 Nec6
15. Be3 Bb4+ 16. Nc3 Nb5 17. Bd2 Nxc3 18. bxc3 Bc5 19. f4 O-O 20. Bb3 Na5 21.
Ke2 Ra7 22. Kd3 Rfa8 23. Rae1 Nxb3 24. axb3 b5 25. c4 bxc4+ 26. bxc4 Ra3+ 27.
Ke2 dxc4 28. Rb1 Ra2 29. Rhc1 Rd8 30. Rd1 c3 0-1

[Event "Mechanics' Summer TNM; G/2"]
[Site "San Francisco"]
[Date "2015.07.07"]
[Round "7.34"]
[White "Eastham, Asher Dan"]
[Black "Simpkins, Jerry"]
[Result "1/2-1/2"]
[WhiteElo "1433"]
[BlackElo "1504"]
[Annotator "Donaldson"]
[PlyCount "46"]
[EventDate "2015.??.??"]

1. e4 e5 2. Nf3 Nc6 3. Bc4 Nf6 4. d3 Be7 5. c3 d6 6. O-O O-O 7. h3 h6 8. Be3
Na5 9. Bb5 c6 10. Ba4 b5 11. Bc2 Nh7 12. Nbd2 f5 13. b4 Nb7 14. d4 f4 15. dxe5
fxe3 16. fxe3 Qb6 17. Qe2 dxe5 $4 (17... Ng5) 18. Bb3+ Kh8 19. Nxe5 Rxf1+ 20.
Rxf1 Nf8 {Diagram #} 21. Rxf8+ $1 Bxf8 22. Ng6+ Kh7 23. Nxf8+ Kh8 {White has a
very dangerous attack and could have played 24.Qf2 setting Black difficult
problems.} 1/2-1/2

[Event "Mechanics' Winter TNM; 30/90, SD/30"]
[Site "?"]
[Date "2015.01.13"]
[Round "?"]
[White "Ebert, John"]
[Black "Simpkins, Jerry"]
[Result "1-0"]
[WhiteElo "1738"]
[BlackElo "1478"]
[Annotator "Donaldson"]
[PlyCount "65"]
[EventDate "2015.01.13"]

1. Nf3 d6 2. d4 Bg4 3. c3 Bxf3 4. exf3 Nf6 5. Bc4 d5 6. Bd3 e6 7. O-O Bd6 8.
Qb3 Qc8 9. Bg5 Nbd7 10. Nd2 c5 11. c4 cxd4 12. cxd5 Nxd5 13. Ne4 Qb8 14. Nxd6+
Qxd6 15. Bh4 O-O 16. Bg3 e5 17. Rfe1 f6 $2 (17... Rfe8 $17 {
was much better. The text loosens Black's position.}) 18. Be4 N7b6 19. Rad1 Qd7
20. f4 Kh8 $4 (20... exf4 $1) 21. fxe5 fxe5 22. Bxe5 Nf4 23. Rxd4 Qg4 24. Bf3
Qg5 25. Bxf4 Rxf4 26. Rxf4 Qxf4 27. Bxb7 Rf8 28. Qe3 Qf7 29. Qf3 Qg8 30. Qb3
Qxb3 31. axb3 Rd8 32. h3 Rd2 $4 (32... g6 33. Bf3 Rd3 (33... Rd2 34. Re2 Rxe2)
34. Re8+ Kg7 35. Re7+) 33. Re8# 1-0

[Event "Mechanics' Fall TNM; G/2"]
[Site "San Francisco"]
[Date "2015.11.03"]
[Round "3.28"]
[White "Enkh, Tergelsar"]
[Black "Bertot, German"]
[Result "0-1"]
[WhiteElo "668"]
[BlackElo "1601"]
[PlyCount "46"]
[EventDate "2015.??.??"]

1. e4 e5 2. Nf3 Nc6 3. Bc4 Bc5 4. d3 Nf6 5. Nc3 O-O 6. Nd5 Nxd5 7. exd5 Nd4 8.
Nxd4 Bxd4 9. c3 Bb6 10. O-O Qf6 11. Be3 Re8 12. b4 e4 13. d4 c6 14. a4 a5 15.
b5 Bc7 16. f3 Qd6 17. dxc6 Qxh2+ 18. Kf2 Bg3+ 19. Ke2 Qxg2+ 20. Bf2 Qxf3+ 21.
Ke1 Qxc3+ 22. Qd2 Bxf2+ 23. Rxf2 Qxc4 {Black went on to win 46 moves.} 0-1

[Event "Mechanics' Leighton Allen TNM; G/2"]
[Site "San Francisco"]
[Date "2015.09.01"]
[Round "5.32"]
[White "Enkh, Tergelsar"]
[Black "Casares Jr, Nick"]
[Result "0-1"]
[WhiteElo "547"]
[BlackElo "1600"]
[PlyCount "58"]
[EventDate "2015.??.??"]

1. e4 e5 2. Nf3 Nc6 3. Bc4 Nf6 4. Nc3 Nxe4 5. Bxf7+ Kxf7 6. Nxe4 d5 7. Nc3 Be7
8. d4 Bg4 9. Nb5 e4 10. Qd2 Bxf3 11. gxf3 Rf8 12. Qf4+ Kg8 13. Qg3 Bh4 14. Qg4
Bxf2+ 15. Kxf2 Rxf3+ 16. Ke2 Qf6 17. Be3 a6 18. Nxc7 Nxd4+ 19. Kd2 Qc6 20. Bxd4
Qxc7 21. Rhg1 Qxh2+ 22. Rg2 Qh6+ 23. Ke2 Rf7 24. Qg5 Qh3 25. Bxg7 Qf3+ 26. Kd2
e3+ 27. Kd3 Qe4+ 28. Ke2 Qc4+ 29. Ke1 Rf1# 0-1

[Event "Mechanics' Leighton Allen TNM; G/2"]
[Site "San Francisco"]
[Date "2015.09.29"]
[Round "9.30"]
[White "Enkh, Tergelsar"]
[Black "Chalissery, Jossy"]
[Result "0-1"]
[WhiteElo "547"]
[BlackElo "1586"]
[PlyCount "54"]
[EventDate "2015.??.??"]

1. e4 b6 2. d4 Bb7 3. Nc3 e6 4. e5 Ne7 5. Bg5 h6 6. Bd2 Nf5 7. Nf3 Nc6 8. a3
Ncxd4 9. Nxd4 Nxd4 10. Be3 Nf5 11. Qg4 Qh4 12. Qxh4 Nxh4 13. O-O-O Nxg2 14.
Bxg2 Bxg2 15. Nb5 O-O-O 16. Rhe1 Kb8 17. f4 g6 18. Re2 Bf3 19. Rxd7 Rxd7 20.
Rd2 Rxd2 21. Kxd2 Be7 22. c4 a6 23. Nd4 Rd8 24. Kc3 Be4 25. b4 c5 26. Ne2 Rd3+
27. Kb2 Rxe3 0-1

[Event "Mechanics' Fall TNM; G/2"]
[Site "San Francisco"]
[Date "2015.12.01"]
[Round "7.39"]
[White "Enkh, Tergelsar"]
[Black "James, Charles"]
[Result "0-1"]
[WhiteElo "668"]
[BlackElo "1464"]
[PlyCount "50"]
[EventDate "2015.??.??"]

1. e4 e6 2. d4 d5 3. Nc3 Nf6 4. Bg5 Be7 5. e5 Nfd7 6. Bxe7 Qxe7 7. Bb5 a6 8.
Bd3 c5 9. Nf3 cxd4 10. Nxd4 Nxe5 11. O-O Nbc6 12. Nxc6 bxc6 13. Re1 Nxd3 14.
Qxd3 O-O 15. a3 e5 16. f3 f5 17. Re2 a5 18. Rae1 e4 19. fxe4 fxe4 20. Qd2 Bf5
21. Rf1 Rae8 22. Nd1 Qc5+ 23. Qe3 d4 24. Qb3+ Kh8 25. c3 d3+ 0-1

[Event "Mechanics' Fall TNM; G/2"]
[Site "San Francisco"]
[Date "2015.12.15"]
[Round "9.35"]
[White "Enkh, Tergelsar"]
[Black "Nassif, Wassim J"]
[Result "1-0"]
[WhiteElo "668"]
[BlackElo "1217"]
[Annotator "Donaldson"]
[PlyCount "111"]
[EventDate "2015.??.??"]

1. e4 e5 2. Nf3 Nc6 3. Bc4 d6 4. h3 Nf6 5. Nc3 Qe7 6. Nd5 Nxd5 7. Bxd5 Be6 8.
O-O Bxd5 9. exd5 Nb8 10. d4 Qd7 11. Re1 Be7 12. dxe5 O-O 13. c4 c6 14. Bf4 dxe5
15. Nxe5 Qf5 16. Qd4 c5 17. Qe4 Qxe4 18. Rxe4 Bf6 19. Rb1 Re8 20. Rbe1 Re7 21.
b3 Bxe5 22. Rxe5 Rxe5 23. Rxe5 Nd7 24. Re7 Nf6 25. Bg5 b6 26. Bxf6 gxf6 27. d6
Kf8 28. Re2 Rd8 29. Rd2 Ke8 30. g4 Kd7 31. a3 Kc6 32. f4 Rxd6 33. Rxd6+ Kxd6
34. Kg2 a6 35. g5 b5 36. cxb5 axb5 37. Kg3 Kd5 38. gxf6 Kd4 39. b4 Kc4 40. bxc5
Kxc5 41. Kg4 Kc4 42. Kh5 Kb3 43. Kh6 Kxa3 44. Kxh7 b4 45. Kg7 b3 46. Kxf7 b2
47. Kg7 b1=Q 48. f7 {A remarkable endgame has been reached. All chess players
learn early on that a queen cannot win alone against a king and bishop pawn on
the seventh rank due to a stalemate theme - when the king is checked by the
queen it doesn't block its pawn advance but instead goes into the corner. The
position on the board raises the question Is more better? That is, do the
extra pawns help or hurt White? TableBase, the all-knowing guru, for six-piece
endings or less says the position on the board is a draw. The two contestants
play the next few moves very well despite having almost time left.} Qb7 49. Kg8
Qd5 50. Kg7 Qd7 51. h4 {
This move indicates White is trying for more as 51. Kg8 would force the draw.}
Kb4 52. h5 Kc5 53. h6 $4 {White believes he can keep the draw in hand while
playing for the win, but this is not the case as the black king is getting
close. It was time to force a draw with} (53. Kg8) 53... Qg4+ ({
This still wins but} 53... Kd6 {is a more direct path.}) 54. Kh8 {Diagram [#]}
Qg6 $4 (54... Qxf4 {wins}) 55. f8=Q+ Kd5 56. Qg8+ 1-0

[Event "Mechanics' Fall TNM; G/2"]
[Site "San Francisco"]
[Date "2015.11.24"]
[Round "6.40"]
[White "Enkh, Tergelsar"]
[Black "Otterbach, Renate"]
[Result "1-0"]
[WhiteElo "668"]
[BlackElo "1101"]
[PlyCount "27"]
[EventDate "2015.??.??"]

1. e4 e6 2. d4 d5 3. Nc3 Nf6 4. Bg5 Be7 5. e5 Ne4 6. Bxe7 Qxe7 7. Nxe4 dxe4 8.
Qg4 O-O 9. Qxe4 Qb4+ 10. c3 Qxb2 11. Rb1 Qxc3+ 12. Kd1 Nc6 13. Bd3 Nxd4 14.
Qxh7# 1-0

[Event "Mechanics' Fall TNM; G/2"]
[Site "San Francisco"]
[Date "2015.11.10"]
[Round "4.36"]
[White "Enkh, Tergelsar"]
[Black "Stearman, Micah"]
[Result "0-1"]
[WhiteElo "668"]
[BlackElo "1077"]
[PlyCount "70"]
[EventDate "2015.??.??"]

1. e4 e5 2. Nf3 Nc6 3. Bc4 h6 4. d4 Bb4+ 5. Bd2 Bxd2+ 6. Qxd2 Nf6 7. dxe5 Ng4
8. Bxf7+ Kxf7 9. Qf4+ Kg8 10. Qxg4 d6 11. Qf4 dxe5 12. Nxe5 Nd4 13. Nf7 Nxc2+
14. Ke2 Nd4+ 15. Ke3 Nc2+ 16. Kf3 Qd3+ 17. Qe3 Nxe3 18. fxe3 Kxf7 19. Nc3 Qd6
20. Rad1 Qf6+ 21. Ke2 Bg4+ 22. Kd2 Bxd1 23. Rxd1 Rad8+ 24. Kc1 Rxd1+ 25. Kxd1
Rd8+ 26. Nd5 Qf1+ 27. Kc2 Qxg2+ 28. Kc3 Qxe4 29. Nxc7 Qc6+ 30. Kb3 Rd3+ 31. Kb4
Qxc7 32. b3 Qd6+ 33. Ka4 Qc5 34. b4 b5+ 35. Ka5 Qb6# 0-1

[Event "Mechanics' Leighton Allen TNM; G/2"]
[Site "San Francisco"]
[Date "2015.09.15"]
[Round "7.34"]
[White "Erdenebileg, Enkhjin"]
[Black "Frank, Robert H"]
[Result "0-1"]
[WhiteElo "372"]
[BlackElo "1300"]
[PlyCount "64"]
[EventDate "2015.??.??"]

1. e4 e5 2. Nf3 Nf6 3. Nc3 Nc6 4. Bc4 Bc5 5. d3 O-O 6. Bg5 h6 7. Bxf6 Qxf6 8.
Nd5 Qd6 9. Qd2 Nb4 10. Nxb4 Bxb4 11. c3 Bc5 12. d4 exd4 13. Nxd4 a6 14. O-O b5
15. Bd3 Bxd4 16. cxd4 Qxd4 17. Rac1 c5 18. Qc3 Qxc3 19. Rxc3 d6 20. Be2 Re8 21.
Bf3 Bb7 22. Re1 d5 23. e5 c4 24. Rcc1 Re7 25. Rcd1 Rd8 26. b3 c3 27. Rc1 b4 28.
Kf1 Bc8 29. g4 a5 30. Be2 d4 31. h3 d3 32. Ra1 d2 0-1

[Event "Mechanics' Leighton Allen TNM; G/2"]
[Site "San Francisco"]
[Date "2015.09.01"]
[Round "5.25"]
[White "Erdenebileg, Enkhjin"]
[Black "Melville, Cailen J"]
[Result "0-1"]
[WhiteElo "372"]
[BlackElo "1809"]
[PlyCount "68"]
[EventDate "2015.??.??"]

1. e4 e6 2. d4 d5 3. exd5 exd5 4. Nc3 c6 5. Bf4 Bd6 6. Nce2 Nf6 7. Qd2 O-O 8.
O-O-O a5 9. Bxd6 Qxd6 10. Ng3 a4 11. a3 b5 12. Qb4 Qxb4 13. axb4 a3 14. bxa3
Rxa3 15. Kb2 Ra4 16. c3 Re8 17. Bd3 Be6 18. Nf3 Nbd7 19. Ng5 h6 20. Nxe6 fxe6
21. Ra1 Ng4 22. f3 Ne3 23. Rxa4 bxa4 24. Ra1 Nb6 25. b5 Nbc4+ 26. Bxc4 Nxc4+
27. Kc2 cxb5 28. Re1 Kf7 29. f4 g6 30. h4 h5 31. Nf1 Rc8 32. Rb1 Kf6 33. Rxb5
Na3+ 34. Kb2 Nxb5 0-1

[Event "Mechanics' Leighton Allen TNM; G/2"]
[Site "San Francisco"]
[Date "2015.09.29"]
[Round "9.34"]
[White "Erdenebileg, Enkhjin"]
[Black "Smith, David A"]
[Result "0-1"]
[WhiteElo "372"]
[BlackElo "1449"]
[PlyCount "46"]
[EventDate "2015.??.??"]

1. e4 c5 2. Nc3 Nc6 3. Nf3 Nf6 4. d4 cxd4 5. Nxd4 d6 6. h3 Bd7 7. Nd5 Nxe4 8.
Bb5 e5 9. Qd3 Nc5 10. Qe3 Nxd4 11. Bxd7+ Qxd7 12. Nb4 a5 13. c3 Nf5 14. Qe2
axb4 15. O-O Be7 16. cxb4 Nd4 17. Qe1 Nd3 18. Qd1 Nxc1 19. Qxc1 Ne2+ 20. Kh2
Nxc1 21. Rfxc1 O-O 22. Rc2 Rfc8 23. Rxc8+ Rxc8 0-1

[Event "Mechanics' Fall TNM; G/2"]
[Site "San Francisco"]
[Date "2015.10.20"]
[Round "1.26"]
[White "Erdenebileg, Erkhe"]
[Black "Gerwin, Gene"]
[Result "0-1"]
[WhiteElo "1125"]
[BlackElo "1822"]
[PlyCount "62"]
[EventDate "2015.??.??"]

1. e4 d6 2. d4 b6 3. Nf3 Bb7 4. Nc3 g6 5. Bc4 e6 6. Qe2 Bg7 7. Bf4 Ne7 8. O-O
h6 9. h3 a6 10. a3 Nd7 11. Rfe1 O-O 12. e5 d5 13. Bd3 c5 14. dxc5 bxc5 15. b3
Qa5 16. Bd2 Qc7 17. a4 Nc6 18. Bf4 Qa5 19. Bd2 Qb6 20. Rad1 Ndxe5 21. Nxe5 Nxe5
22. Bf4 Nxd3 23. Rxd3 Qc6 24. Rg3 Rfe8 25. Qe3 d4 26. Qc1 dxc3 27. Bxh6 Rad8
28. Qg5 Rd5 29. Qf4 Rf5 30. Qe3 Bd4 31. Qe2 Bxf2+ 0-1